Statistiques concernant Drapeaux avec un croissant de lune

Cliquez ici pour prendre le quiz!

Statistiques générales

  • Ce quiz a été pris 3,196 fois
  • Le résultat moyen est 15 sur 19

Statistiques - réponses

Answer % Correct
Algérie
97%
Turquie
95%
Tunisie
92%
Iran
92%
Croatie
91%
Népal
88%
Pakistan
86%
Malaisie
82%
Ouzbékistan
74%
Turkménistan
73%
Azerbaïdjan
73%
Singapour
72%
Moldavie
70%
Libye
70%
Brunei
66%
Mongolie
65%
Comores
59%
Mauritanie
59%
Maldives
56%

Distribution des résultats

Percentile par nombre de réponses

% des personnes avec chaque résultat

Votre développement - résultats

Vous n’avez pas pris ce quiz